Návrh opatrení k zlepšeniu systému hodnotenia a odmeňovania pracovníkov : Bakalárska práca

Guardado en:
Detalles Bibliográficos
Autor principal: Šellingová, Katarína, 1989- (Autor)
Otros Autores: Hagovská, Andrea (Orientador)
Formato: Manuscrito Libro
Lenguaje:eslovaco
Publicado: Trnava : STU v Bratislave MTF UIPH, 2011
Materias:
Acceso en línea:VAIS
Etiquetas: Agregar Etiqueta
Sin Etiquetas, Sea el primero en etiquetar este registro!

MARC

LEADER 00000ntm a22000003a 4500
001 stu229016
005 20160719160556.4
008 110702s2011----xo------------------slo-d
040 |a STU  |b slo 
041 0 |a slo 
044 |a xo 
100 1 |a Šellingová, Katarína,  |d 1989-  |4 aut  |X 57295  |7 A000057295 
242 0 0 |a Suggestion of measures to improve the system of evaluation and remuneration of workers.  |y eng 
245 1 |a Návrh opatrení k zlepšeniu systému hodnotenia a odmeňovania pracovníkov :  |b Bakalárska práca 
260 |a Trnava :  |b STU v Bratislave MTF UIPH,  |c 2011 
300 |a 45 s., CD-ROM 
650 7 |a personálna práca v priemyselnom podniku  |2 stusub 
650 7 |a Personnel Policy in Industrial Plant  |2 estusub 
700 1 |a Hagovská, Andrea  |4 ths 
856 4 |a info a plný text  |u http://is.stuba.sk/zp/portal_zp.pl?podrobnosti=58033  |3 VAIS 
996 |c M*BP-5547  |l MMSKP  |s P  |a 0  |w stu229016_0001